00352nam a2200145Ia 4500008004100000020001800041041000800059082001400067100001700081245003300098260003200131300000900163500001700172650001700189220803s9999 xx 000 0 und d a0-8359-0937-9 aeng a711.4 KEM aKempen J R V aConstruction-Cost Estimating aVirginabReston Pub. c1983 a232p aArchitecture aUrban Design